Možnosti skrátenia pracovného času bez zníženia mzdy

Ustanovenie zákonníka práce upravujúce pracovný čas. Skrátený a kratší pracovný čas. Dohoda v kolektívnej zmluve. Právne úpravy pracovného času. Prerokovanie úpravy pracovného času s odborovou organizáciou.

Salvato in:
Dettagli Bibliografici
Natura: Capitolo di libro
Lingua:slovacco
Soggetti:
Tags: Aggiungi Tag
Nessun Tag, puoi essere il primo ad aggiungerne!!

MARC

LEADER 00000naa a2200000 4500
001 r035877
005 20230926081654.8
041 0 |a slo 
044 |a SK 
245 1 0 |a Možnosti skrátenia pracovného času bez zníženia mzdy 
520 |a Ustanovenie zákonníka práce upravujúce pracovný čas. Skrátený a kratší pracovný čas. Dohoda v kolektívnej zmluve. Právne úpravy pracovného času. Prerokovanie úpravy pracovného času s odborovou organizáciou. 
610 2 0 |a čas pracovný 
610 2 0 |a zákonník práce 
610 2 0 |a úpravy právne 
610 2 0 |a zamestnanci 
610 2 0 |a zamestnávatelia 
610 2 0 |a odbory 
610 2 0 |a zmluvy kolektívne